00960nab a2200229uuc4500001000800000005001700008008004100025035001200066040001300078041000800091100005600099245009900155650005900254650003500313650005900348650003400407700005400441700005700495773014900552942001000701999001900711147707620240202130009.0171024e20160510 spa  a1477076 ccomduadb aspa10aZapata Vélez, Andrés Mauricio4auteaut975275110aFactores institucionales incidentes en el rendimiento académico : un estudio de percepción aRendimiento académico - Antioquia (Colombia)9216064 aEstudios exploratorios9218879 aInfraestructura fisica - Ciudad Universitaria9144449 aDocencia universitaria92662210aCabrera Díaz, Gloria Patricia4auteaut972504810aVelásquez Palacio, Melbin Amparo4auteaut94918750 tRevista de Psicología : Universidad de Antioquia (Medellín)gVolumen 08, Número 01, Enero-Junio de 2016, 35-48w1143107x2145-48920503477 cARIMP c761544d761544